000 01104nam a2200241 i 4500
001 182994
003 ES-MaACL
005 20231027151716.0
008 140110s2006 sp d |||| | spa d
020 _a84-7628-488-8
080 _a(038)=134.2'373.72
100 1 _aCarbonell Basset, Delfín.
_935057
245 1 0 _aDiccionario de clichés
_b: manual-guía de la principal y actual fraseología tópica castellana, con lugares comunes, locuciones inertes, símiles manidos, metáforas muertas, modismos trillados, bordones conversacionales, colocaciones hueras y partículas expletivas... /
_cDelfín Carbonell Basset ; prólogo de José Jiménez Lozano.
250 _a1ª ed.
260 _aBarcelona :
_bEdiciones del Serbal,
_c2006.
300 _a502 p. ;
_c22 cm.
650 0 4 _aLengua española-
_xModismos-
_vDiccionarios.
_914175
700 0 _aJiménez Lozano, José.
_966552
852 _aES-MaACL
_jA-12941
_9189927
_bR.149800
_cDEPO1
_dOlim: N-5941
_xDonación: Real Academia Española
914 _96336
_aReal Academia Española
_ednr
942 _2udc
_cMONOGRAFIA
999 _c182994
_d182994